Statistiques concernant Drapeaux de pays avec le plus de blanc

Cliquez ici pour prendre le quiz!

Statistiques générales

  • Ce quiz a été pris 2,562 fois
  • Le résultat moyen est 13 sur 15

Statistiques - réponses

Answer % Correct
Japon
100%
Corée du Sud
98%
Israël
97%
Grèce
97%
Finlande
96%
Chypre
94%
Algérie
94%
Pologne
92%
Uruguay
87%
Géorgie
81%
Monaco
81%
Malte
79%
Panama
78%
Indonésie
71%
Singapour
65%

Distribution des résultats

Percentile par nombre de réponses

% des personnes avec chaque résultat

Votre développement - résultats

Vous n’avez pas pris ce quiz